Standard handbook for electrical engineers
Bewaard in:
| Hoofdauteurs: | , |
|---|---|
| Formaat: | Boek |
| Taal: | Engels |
| Gepubliceerd in: |
Nueva York
McGraw Hill
1957
|
| Editie: | 9a. ed |
| Onderwerpen: | |
| Tags: |
Voeg label toe
Geen labels, Wees de eerste die dit record labelt!
|
MARC
| LEADER | 00000nam a2200000 a 4500 | ||
|---|---|---|---|
| 001 | UCV6602 | ||
| 003 | CL-VaPUC | ||
| 008 | 930303e19570000US |||||||||||||||||eng|d | ||
| 082 | 0 | 4 | |a 621.3 |b KNO |2 21 |
| 100 | 0 | |a Knowlton, Archer Eben |e author |9 300696 | |
| 700 | 0 | |a Shoop, R. M |e author |9 300697 | |
| 245 | 1 | 0 | |a Standard handbook for electrical engineers |
| 250 | |a 9a. ed | ||
| 300 | |a 2230 p | ||
| 942 | |c BK | ||
| 945 | |d 19930303 00:00:00 | ||
| 260 | |a Nueva York |b McGraw Hill |c 1957 | ||
| 650 | 0 | |a Ingeniería eléctrica |9 260573 | |
| 650 | 0 | |a Manuales |9 257144 | |
| 583 | |a last modification |c 19930303 00:00:00 |k Rodrigo Vera | ||
| 999 | |c 212569 |d 212567 | ||
| 952 | |0 0 |1 0 |4 0 |6 621_300000000000000_KNO_1957 |7 0 |8 F |9 193639 |a BIBING |b BIBING |d 2019-11-14 |i 2617072 |o 621.3 KNO 1957 |p 2617072 |r 2025-01-20 |w 2019-11-14 |y BK_F |k EIE | ||